书目信息 |
| 题名: |
沥青及沥青混合料路用性能
|
|
| 作者: | 沈金安 主编 | |
| 分册: | ||
| 出版信息: | 北京 人民交通出版社 2003.05 |
|
| 页数: | 533页 | |
| 开本: | 26cm | |
| 丛书名: | ||
| 单 册: | ||
| 中图分类: | U414.7 | |
| 科图分类: | ||
| 主题词: | 道路工程--Dao Lu Gong Cheng--建筑材料--沥青 , 道路工程--Dao Lu Gong Cheng--建筑材料--沥青拌合料--可用性 | |
| 电子资源: | ||
| ISBN: | 7-114-03848-8 | |
| 000 | 00794nam0 2200241 450 | |
| 001 | CAL 012001382816 | |
| 005 | 20060426110020.07 | |
| 010 | @a7-114-03848-8@dCNY 68.00 | |
| 099 | @aCAL 012001382816 | |
| 100 | @a20010911d2003 ekmy0chiy0120 ea | |
| 101 | 0 | @achi |
| 102 | @aCN@b110000 | |
| 200 | 1 | @a沥青及沥青混合料路用性能@ALi Qing Ji Li Qing Hun He Liao Lu Yong Xing Neng@f沈金安主编 |
| 210 | @a北京@c人民交通出版社@d2003.05 | |
| 215 | @a533页@c图@d26cm | |
| 300 | @a当代科技重要著作·交通领域 | |
| 410 | 0 | @12001 @a当代科技重要著作 |
| 606 | 0 | @a道路工程@ADao Lu Gong Cheng@x建筑材料@x沥青 |
| 606 | 0 | @a道路工程@ADao Lu Gong Cheng@x建筑材料@x沥青拌合料@x可用性 |
| 690 | @aU414.7@v4 | |
| 701 | 0 | @a沈金安@AShen Jinan@4主编 |
| 801 | 0 | @aCN@bJUT@c20060426 |
| 905 | @a10447@dU414.7@eS390 | |
| 沥青及沥青混合料路用性能/沈金安主编.-北京:人民交通出版社,2003.05 |
| 533页:图;26cm |
| 当代科技重要著作·交通领域 |
| ISBN 7-114-03848-8:CNY 68.00 |
| ● |
| 相关链接 |
|
|
|
正题名:沥青及沥青混合料路用性能
索取号:U414.7/S390
 
预约/预借
| 序号 | 登录号 | 条形码 | 馆藏地/架位号 | 状态 | 备注 |
| 1 | 601774 | 206017745 | 自科库501/501自科库 51排7列2层/ [索取号:U414.7/S390] | 在馆 | |
| 2 | 601775 | 206017754 | 自科库501/ [索取号:U414.7/S390] | 在馆 |